000
00268nam a2200097Ia 4500
001
1226317
005
20250827093002.0
008
250824s9999 xx 000 0 und d
245
0
_a
ROL ÇALAN CESET
_c
CELİL OKER
260
_b
ALTIN KİTAPLAR YAYINLARI
999
_c
1226317
_d
1226317